Ekonomik doktrinler tarihi II / (Record no. 200438137)
[ view plain ]
| 000 -LEADER | |
|---|---|
| fixed length control field | 00858cam a22002777i 4500 |
| 001 - CONTROL NUMBER | |
| control field | 200438137 |
| 003 - CONTROL NUMBER IDENTIFIER | |
| control field | TR-AnTOB |
| 005 - DATE AND TIME OF LATEST TRANSACTION | |
| control field | 20250304140655.0 |
| 007 - PHYSICAL DESCRIPTION FIXED FIELD--GENERAL INFORMATION | |
| fixed length control field | ta |
| 008 - FIXED-LENGTH DATA ELEMENTS--GENERAL INFORMATION | |
| fixed length control field | 200520b1974 tu g 000 0 tur d |
| 040 ## - CATALOGING SOURCE | |
| Original cataloging agency | TR-AnTOB |
| Language of cataloging | eng |
| Description conventions | rda |
| Transcribing agency | TR-AnTOB |
| Modifying agency | TR-AnTOB |
| 041 1# - LANGUAGE CODE | |
| Language code of text/sound track or separate title | Türkçe |
| Language code of original | eng |
| 050 14 - LIBRARY OF CONGRESS CALL NUMBER | |
| Classification number | HB75 |
| Item number | .D419 1974 |
| 090 ## - LOCALLY ASSIGNED LC-TYPE CALL NUMBER (OCLC); LOCAL CALL NUMBER (RLIN) | |
| Classification number (OCLC) (R) ; Classification number, CALL (RLIN) (NR) | HB75 |
| Local cutter number (OCLC) ; Book number/undivided call number, CALL (RLIN) | .D419 1974 |
| 100 1# - MAIN ENTRY--PERSONAL NAME | |
| Personal name | Denis, Henri |
| Relator term | author |
| 9 (RLIN) | 30494 |
| 245 10 - TITLE STATEMENT | |
| Title | Ekonomik doktrinler tarihi II / |
| Statement of responsibility, etc. | Henri Denis; çeviren: Atilla Tokatlı. |
| 264 #1 - PRODUCTION, PUBLICATION, DISTRIBUTION, MANUFACTURE, AND COPYRIGHT NOTICE | |
| Place of production, publication, distribution, manufacture | İstanbul : |
| Name of producer, publisher, distributor, manufacturer | Sosyal Yayınlar, |
| Date of production, publication, distribution, manufacture, or copyright notice | 1974. |
| 300 ## - PHYSICAL DESCRIPTION | |
| Extent | 422-781 pages ; |
| Dimensions | 24 cm |
| 336 ## - CONTENT TYPE | |
| Content type term | text |
| Content type code | txt |
| Source | rdacontent |
| 337 ## - MEDIA TYPE | |
| Media type term | unmediated |
| Media type code | n |
| Source | rdamedia |
| 338 ## - CARRIER TYPE | |
| Carrier type term | volume |
| Carrier type code | nc |
| Source | rdacarrier |
| 650 #7 - SUBJECT ADDED ENTRY--TOPICAL TERM | |
| Topical term or geographic name entry element | Ekonomi |
| General subdivision | Tarih |
| Source of heading or term | |
| 9 (RLIN) | 80031 |
| 700 1# - ADDED ENTRY--PERSONAL NAME | |
| Personal name | Tokatlı, Attila, |
| Dates associated with a name | 1934- |
| Relator term | translator |
| 9 (RLIN) | 30495 |
| 942 ## - ADDED ENTRY ELEMENTS (KOHA) | |
| Source of classification or shelving scheme | Library of Congress Classification |
| Koha item type | Book |
| Withdrawn status | Lost status | Source of classification or shelving scheme | Materials specified (bound volume or other part) | Not for loan | Collection code | Home library | Current library | Shelving location | Date acquired | Source of acquisition | Inventory number | Total Checkouts | Full call number | Barcode | Date last seen | Copy number | Date shelved | Koha item type | Public note |
|---|---|---|---|---|---|---|---|---|---|---|---|---|---|---|---|---|---|---|---|
| Other/Generic Classification Scheme | V.2 | Ödünç Verilemez-Kurumiçi kullanım / Not for loan-For inhouse use | TOBB Kütüphanesi Bağış Koleksiyonu - Klasik | Merkez Kütüphane | Merkez Kütüphane | TOBB Bağışı Koleksiyonu / TOBB Gift Collection | 01/07/2005 | TOBB Devir / TOBB Transfer | İKT | TOBBK HB75 .D419 1974 v.2 | 0061953 | 20/05/2020 | 1 | 20/08/2020 | Book | Donated by TOBB. |
